La première vague de l’âme : émergences et difficultés en psychiatrie confinée (notice n° 1640294)

détails MARC
000 -LEADER
fixed length control field 01282cam a2200217 4500500
005 - DATE AND TIME OF LATEST TRANSACTION
control field 20260201082531.0
041 ## - LANGUAGE CODE
Language code of text/sound track or separate title fre
042 ## - AUTHENTICATION CODE
Authentication code dc
100 10 - MAIN ENTRY--PERSONAL NAME
Personal name travail au sein du secteur de psychiatrie d’Asnières-
Relator term author
245 00 - TITLE STATEMENT
Title La première vague de l’âme : émergences et difficultés en psychiatrie confinée
260 ## - PUBLICATION, DISTRIBUTION, ETC.
Date of publication, distribution, etc. 2021.<br/>
500 ## - GENERAL NOTE
General note 66
520 ## - SUMMARY, ETC.
Summary, etc. Une équipe secteur nous raconte son vécu pendant la pandémie et les ressources mises en avant collectivement afin que le groupe formé par les soignants et les soignés puisse continuer à exister, en analysant et réinventant au quotidien. C’est grâce à tout ce qui avait été mis en place auparavant, que les dimensions thérapeutiques ont pu utiliser, en les adaptant aux situations nouvelles, les techniques modernes de communication et les nombreux partenariats préexistants.
690 ## - LOCAL SUBJECT ADDED ENTRY--TOPICAL TERM (OCLC, RLIN)
Topical term or geographic name as entry element Organisation des soins psychiatriques
690 ## - LOCAL SUBJECT ADDED ENTRY--TOPICAL TERM (OCLC, RLIN)
Topical term or geographic name as entry element pandémie
690 ## - LOCAL SUBJECT ADDED ENTRY--TOPICAL TERM (OCLC, RLIN)
Topical term or geographic name as entry element pratique du soin
690 ## - LOCAL SUBJECT ADDED ENTRY--TOPICAL TERM (OCLC, RLIN)
Topical term or geographic name as entry element psychothérapie institutionnelle
700 10 - ADDED ENTRY--PERSONAL NAME
Personal name Bellahsen, Mathieu
Relator term author
786 0# - DATA SOURCE ENTRY
Note Pratiques en santé mentale | 67e aée | 1 | 2021-03-12 | p. 43-51 | 1286-1286
856 41 - ELECTRONIC LOCATION AND ACCESS
Uniform Resource Identifier <a href="https://shs.cairn.info/revue-pratique-en-sante-mentale-2021-1-page-43?lang=fr&redirect-ssocas=7080">https://shs.cairn.info/revue-pratique-en-sante-mentale-2021-1-page-43?lang=fr&redirect-ssocas=7080</a>

Pas d'exemplaire disponible.

PLUDOC

PLUDOC est la plateforme unique et centralisée de gestion des bibliothèques physiques et numériques de Guinée administré par le CEDUST. Elle est la plus grande base de données de ressources documentaires pour les Étudiants, Enseignants chercheurs et Chercheurs de Guinée.

Adresse

627 919 101/664 919 101

25 boulevard du commerce
Kaloum, Conakry, Guinée

Réseaux sociaux

Powered by Netsen Group @ 2025